000 00305nam a2200109Ia 4500
008 220216s9999 xx 000 0 und d
245 0 _aImplementation of strategies to develop rubber industry
260 _bRubber International Magazine
_c1999
300 _a68-70
650 _aRubber industry
942 _cJS
999 _c60801
_d60801